ბათუმის შოთა რუსთაველის სახელმწიფო უნივერსიტეტის ბიბლიოთეკა

ანთროპოეკოლოგია / (ბიბ.ჩანაწერი № 39745)

000 -ლიდერი
ფიქსირებული სიგრძის საკონტროლო ველი 01229nam a2200277Ia 4500
001 - საკონტროლო ნომერი
საკონტროლო ველი 6350
003 - საკონტროლო ნომრის იდენტიფიკატორი
საკონტროლო ველი GE_BSU
005 - ბოლო ოპერაციის თარიღი და დრო
საკონტროლო ველი 20191129120950.0
008 - ფიქსირებული სიგრძის მონაცემთა ელემენტები - ზოგადი ინფორმაცია
ფიქსირებული სიგრძის საკონტროლო ველი 181216s2012||||ge |||||||||||||| ||geo||
020 ## - წიგნის საერთაშორისო სტანდარტული ნომერი
International Standard Book Number 9789941434143
040 ## - კატალოგიზაციის წყარო
Transcribing agency GE_BSU
041 ## - ენის კოდი
Language code of text/sound track or separate title geo
080 ## - უნივერსალური ათობითი კლასიფიკაციის ინდექსი
Universal Decimal Classification number 572.02+574.2:572 ლ-81
100 ## - მთავარი ჩანაწერი - პიროვნების სახელი
Personal name ლომთათიძე, ნინო
9 (RLIN) 5628
245 ## - ცნობა სათაურის შესახებ
Title ანთროპოეკოლოგია /
Statement of responsibility, etc ნინო ლომთათიძე, ნარგიზ ალასანია ; რედ. ქეთევან დოლიძე.
264 ## - წარმოების, გამოცემის, დისტრიბუციის და სხვა ცნობები
გამოცემის, წარმოების, დისტრიბუციის... ადგილი ბათუმი :
გამოცემის, წარმოების, დისტრიბუციის... სახელწოდება შოთა რუსთაველის სახ. უნ–ტი,
გამოცემის, წარმოების, დისტრიბუციის... თარიღი 2012.
300 ## - ფიზიკური აღწერა
Extent 265 გვ.:
Other physical details ილ.;
Dimensions 20 სმ.
504 ## - BIBLIOGRAPHY, ETC. NOTE
Bibliography, etc ბიბლიოგრ.: გვ. 262-263.
653 ## - INDEX TERM--UNCONTROLLED
Uncontrolled term ანთროპოეკოლოგია
653 ## - INDEX TERM--UNCONTROLLED
Uncontrolled term ადამიანის ეკოლოგია
700 ## - ADDED ENTRY--PERSONAL NAME
Personal name ალასანია, ნარგიზ
Relator term ავტორი
9 (RLIN) 1128
700 ## - ADDED ENTRY--PERSONAL NAME
Personal name დოლიძე, ქეთევან
Relator term რედაქტორი
9 (RLIN) 333
710 ## - ADDED ENTRY--CORPORATE NAME
Corporate name or jurisdiction name as entry element ბათუმის სახელმწ. უნ-ტი
9 (RLIN) 5629
942 ## - ADDED ENTRY ELEMENTS (KOHA)
Koha item type წიგნი
Source of classification or shelving scheme
ეგზემპლარები
ჩამოწერის სტატუსი დაკარგული ეგზემპლარის სტატუსი კლასიფიკაციის წყარო ან თაროზე გაწყობის სქემა დაზიანების სტატუსი არ გაიცემა მუდმივი მდებარეობა (დაცვის ადგილი) ამჟამინდელი ადგილსამყოფელი თაროზე განთავსების ადგილი შეძენის თარიღი ღირებულება, შესყიდვის ნორმალური ფასი სრული შენახვის შიფრი შტრიხკოდი ბოლო ოპერაციის თარიღი ეგზემპლარის მიმდევრობითი ნომერი (კეტერი?) ფასის ძალაში შესვლის თარიღი ეგზემპლარის სახეობა საჯარო შენიშვნა
          ბათუმის შოთა რუსთაველის სახელმწიფო უნივერსიტეტის მთავარი ბიბლიოთეკა ბათუმის შოთა რუსთაველის სახელმწიფო უნივერსიტეტის მთავარი ბიბლიოთეკა წიგნსაცავი 2018-12-17 6.32 572.02+574.2:572 ლ-81 6878 2018-12-17 6878 2018-12-17 წიგნი 6 ლ. 32 თ.
          ბათუმის შოთა რუსთაველის სახელმწიფო უნივერსიტეტის მთავარი ბიბლიოთეკა ბათუმის შოთა რუსთაველის სახელმწიფო უნივერსიტეტის მთავარი ბიბლიოთეკა წიგნსაცავი 2018-12-17 6.32 572.02+574.2:572 ლ-81 6879 2018-12-17 6879 2018-12-17 წიგნი 6 ლ. 32 თ.
          ბათუმის შოთა რუსთაველის სახელმწიფო უნივერსიტეტის მთავარი ბიბლიოთეკა ბათუმის შოთა რუსთაველის სახელმწიფო უნივერსიტეტის მთავარი ბიბლიოთეკა წიგნსაცავი 2018-12-17 6.32 572.02+574.2:572 ლ-81 6880 2018-12-17 6880 2018-12-17 წიგნი 6 ლ. 32 თ.
          ბათუმის შოთა რუსთაველის სახელმწიფო უნივერსიტეტის მთავარი ბიბლიოთეკა ბათუმის შოთა რუსთაველის სახელმწიფო უნივერსიტეტის მთავარი ბიბლიოთეკა წიგნსაცავი 2018-12-17 6.32 572.02+574.2:572 ლ-81 6881 2018-12-17 6881 2018-12-17 წიგნი 6 ლ. 32 თ.
          ბათუმის შოთა რუსთაველის სახელმწიფო უნივერსიტეტის მთავარი ბიბლიოთეკა ბათუმის შოთა რუსთაველის სახელმწიფო უნივერსიტეტის მთავარი ბიბლიოთეკა წიგნსაცავი 2018-12-17 6.32 572.02+574.2:572 ლ-81 6882 2018-12-17 6882 2018-12-17 წიგნი 6ლ. 32 თ.